000 00202 a2200097 4500
001 10387
100 _aByers, H R
245 _aGeneral meteorology
260 _a
_bMc graw Hill
_c
090 _c8030
_d8030
942 _aNUST-CAE
_c34746
_cM
999 _c245460
_d245460